000 01133cab a2200217 4500
001 ABS68604
008 050128n2005 000 0 eng u
035 _a(Sirsi) u128672
100 _aFletcher, J.
245 _aCatch 22 of asbestos regs
260 _c2005
490 _aConstruction News
_v(6900) 20 January 2005, 12-13(2)
520 _aDiscusses a new system developed by RICS and the Asbestos Removal Association which will help meet demand for new accredited surveyors to implement asbestos regulations such as The Control of Asbestos at Work Regulations 2002. The National Individual Asbestos Creditation Scheme (NIACS) should reduce insurers' exposure to potential claims which should encourage more surveyors to take up asbestos survey work. RICS is hoping the NIACS scheme will running by early 2005.
590 _aABS
650 _aNATIONAL INDIVIDUAL ASBESTOS ACCREDITATION SCHEME
650 _aCONTROL OF ASBESTOS AT WORK REGULATIONS 2002 REG 4
650 _aMANAGEMENT-HEALTH AND SAFETY-HAZARDOUS SUBSTANCES-ASBESTOS
650 _aSURVEYORS
690 _aBUILT ENVIRONMENT-BUILDING STANDARDS
942 _n0
999 _c74779
_d74779